Local Analgesia in Dentistry / (Record no. 1426)

MARC details
000 -LEADER
fixed length control field 00567nam a22002177a 4500
003 - CONTROL NUMBER IDENTIFIER
control field OSt
005 - DATE AND TIME OF LATEST TRANSACTION
control field 20150414134212.0
008 - FIXED-LENGTH DATA ELEMENTS--GENERAL INFORMATION
fixed length control field 150414b xxu||||| |||| 00| 0 eng d
020 ## - INTERNATIONAL STANDARD BOOK NUMBER
International Standard Book Number 0723609543
040 ## - CATALOGING SOURCE
Transcribing agency DNLM
082 ## - DEWEY DECIMAL CLASSIFICATION NUMBER
Classification number WO 460 R541 1987
100 ## - MAIN ENTRY--PERSONAL NAME
Personal name Roberts D. H
9 (RLIN) 3761
245 ## - TITLE STATEMENT
Title Local Analgesia in Dentistry /
Statement of responsibility, etc. D H Roberts and J H Sowray
250 ## - EDITION STATEMENT
Edition statement 3rd ed
260 ## - PUBLICATION, DISTRIBUTION, ETC. (IMPRINT)
Place of publication, distribution, etc. Oxford:
Name of publisher, distributor, etc. Wright;
Date of publication, distribution, etc. 1987.
300 ## - PHYSICAL DESCRIPTION
Extent xi, 176 p :
Other physical details ill;
Dimensions 27 cm
504 ## - BIBLIOGRAPHY, ETC. NOTE
Bibliography, etc Includes index
650 ## - SUBJECT ADDED ENTRY--TOPICAL TERM
Topical term or geographic name as entry element Dentistry
9 (RLIN) 3762
700 ## - ADDED ENTRY--PERSONAL NAME
Personal name Sowray J H
9 (RLIN) 3763
942 ## - ADDED ENTRY ELEMENTS (KOHA)
Source of classification or shelving scheme Other/Generic Classification Scheme
Koha item type Short Loan
Holdings
Withdrawn status Lost status Source of classification or shelving scheme Damaged status Not for loan Home library Current library Date acquired Source of acquisition Inventory number Total Checkouts Full call number Barcode Date last seen Price effective from Koha item type
    Other/Generic Classification Scheme     MUST Main Library MUST Main Library 14/04/2015   2001/15158   WO 460 R541 1987 2015-0929 14/04/2015 14/04/2015 Short Loan